Песни Земфиры - Statistics

General Stats
  • This quiz has been taken 162 times
  • The average score is 19 of 89
Answer Stats
Год Альбом Песня % Correct
2000 Прости меня моя любовь П.М.М.Л.
84%
2002 Четырнадцать недель тишины Р
70%
1999 Земфира Ромашки
64%
2000 Прости меня моя любовь Хочешь?
64%
2000 Прости меня моя любовь Искала
53%
2013 Жить в твоей голове Жить в твоей голове
51%
1999 Земфира Ариведерчи
44%
2000 Прости меня моя любовь Лондон
41%
1999 Земфира Земфира
39%
1999 Земфира Снег
38%
2007 Спасибо {Спасибо} [репетиция, ноябрь 2006]
37%
1999 Земфира СПИД
36%
2005 Вендетта Прогулка
35%
2021 Бордерлайн Крым
30%
1999 Земфира Маечки
29%
2002 Четырнадцать недель тишины Кто?
27%
1999 Земфира Почему
26%
2021 Бордерлайн Пальто
25%
2000 Прости меня моя любовь Город
24%
2002 Четырнадцать недель тишины Мачо
24%
1999 Земфира –140
24%
2007 Спасибо В метро
23%
2021 Бордерлайн Таблетки
23%
2000 Прости меня моя любовь Сигареты
22%
2021 Бордерлайн Остин
22%
1999 Земфира Ракеты
21%
2000 Прости меня моя любовь Не отпускай
21%
2005 Вендетта Блюз
21%
2007 Спасибо Мальчик
21%
1999 Земфира Синоптик
20%
2007 Спасибо Мы разбиваемся
20%
1999 Земфира Скандал
19%
2000 Прости меня моя любовь Доказано
19%
2002 Четырнадцать недель тишины Главное
19%
2005 Вендетта Повесица
19%
2000 Прости меня моя любовь Zero
19%
2000 Прости меня моя любовь Созрела
18%
2021 Бордерлайн Мама
18%
1999 Земфира Непошлое
17%
2013 Жить в твоей голове Деньги
17%
2013 Жить в твоей голове Кофевино
17%
2021 Бордерлайн Жди меня
17%
1999 Земфира Румба
16%
2002 Четырнадцать недель тишины Сказки
16%
2002 Четырнадцать недель тишины Трафик
16%
2005 Вендетта Итоги
16%
2007 Спасибо Я полюбила вас
16%
2021 Бордерлайн Том
16%
1999 Земфира Припевочка
15%
2000 Прости меня моя любовь Шкалят датчики
15%
2005 Вендетта Небомореоблака
15%
2021 Бордерлайн Ок
15%
2005 Вендетта {Jim Beam} (Уфа '97)
14%
2000 Прости меня моя любовь Рассветы
13%
2002 Четырнадцать недель тишины Мечтой
13%
2002 Четырнадцать недель тишины Ощущенья
13%
2002 Четырнадцать недель тишины Паранойя
13%
2005 Вендетта Дыши
13%
2007 Спасибо Господа
13%
2007 Спасибо Дом
13%
2013 Жить в твоей голове Гора
13%
2013 Жить в твоей голове Река
13%
2013 Жить в твоей голове Чайка
13%
2021 Бордерлайн Абъюз
13%
2007 Спасибо 1000 лет
13%
2002 Четырнадцать недель тишины Webgirl
13%
2002 Четырнадцать недель тишины Шалфей
12%
2005 Вендетта Красота
12%
2007 Спасибо Во мне
12%
2007 Спасибо Возьми меня
12%
2013 Жить в твоей голове Без шансов
12%
2013 Жить в твоей голове Похоронила
12%
2021 Бордерлайн Камон
12%
2005 Вендетта Жужа
11%
2005 Вендетта Самолёт
11%
2005 Вендетта Так и оставим
11%
2007 Спасибо Воскресенье
11%
2000 Прости меня моя любовь Ненавижу
10%
2002 Четырнадцать недель тишины
10%
2005 Вендетта Друг
10%
2005 Вендетта Малыш
10%
2005 Вендетта Разные (все такие)
10%
2013 Жить в твоей голове Кувырок
10%
2021 Бордерлайн Снег идёт
10%
2021 Бордерлайн Этим летом
10%
2002 Четырнадцать недель тишины Песня
9%
2007 Спасибо Снег начнётся
9%
2013 Жить в твоей голове Если бы
9%
2005 Вендетта Дай мне руку (я пожму её)
6%
No matching quizzes found
Score Distribution
Percent of People with Each Score
Percentile by Number Answered
Your Score History
You have not taken this quiz